[Event "Barcelona Ideal Clave op 21st"]
[Site "Barcelona"]
[Date "2017.09.30"]
[Round "1"]
[White "Sanchez Coves, Juan Josep"]
[Black "Rivera Padron, Joaquin"]
[Result "0-1"]
[WhiteElo "1558"]
[BlackElo "1977"]
[PlyCount "70"]
[EventDate "2017.09.30"]
[EventType "swiss"]
[EventRounds "8"]
[EventCountry "ESP"]
[SourceTitle "CBM 181 Extra"]
[Source "ChessBase"]
[SourceDate "2017.12.12"]
[SourceVersion "1"]
[SourceVersionDate "2017.12.12"]
[SourceQuality "1"]

1. d4 Nf6 2. Bf4 g6 3. e3 Bg7 4. Nf3 0-0 5. h3 d6 6. Bd3 Nbd7 7. Nbd2 c5 8. c3 cxd4 9. cxd4 a6 10. a4 b6 11. Bb1 Bb7 12. h4 e5 13. dxe5 dxe5 14. Bh2 Qe7 15. 0-0 Rfd8 16. Qb3 Rac8 17. Qa3 Qe8 18. b3 Bf8 19. Qb2 Ng4 20. Bg3 Bb4 21. Nc4 b5 22. axb5 axb5 23. Ra7 Bd5 24. Rxd7 Rxd7 25. Nb6 Bc3 26. Qa2 Rcc7 27. Nxd7 Qxd7 28. Rd1 Qc6 29. Qe2 Bxb3 30. Rd8+ Kg7 31. Nd4 exd4 32. Qxg4 Be6 33. Qf3 Qxf3 34. gxf3 dxe3 35. Bxc7 e2 0-1

[Event "Hospitalet de Llobregat Ponce 3rd"]
[Site "Hospitalet de Llobregat"]
[Date "2017.05.27"]
[Round "8"]
[White "Rivera Padron, Joaquin"]
[Black "Bernat, Ernest"]
[Result "0-1"]
[WhiteElo "1922"]
[BlackElo "1869"]
[PlyCount "114"]
[EventDate "2017.04.01"]
[EventType "swiss"]
[EventRounds "9"]
[EventCountry "ESP"]
[SourceTitle "EXT 2018"]
[Source "ChessBase"]
[SourceDate "2017.10.13"]
[SourceVersion "1"]
[SourceVersionDate "2017.10.13"]
[SourceQuality "1"]

1. e4 c5 2. Nf3 d6 3. d4 cxd4 4. Nxd4 Nf6 5. Nc3 a6 6. Bc4 e6 7. Bb3 Be7 8. f4 Qc7 9. f5 e5 10. Nde2 0-0 11. Bg5 Nbd7 12. 0-0 b5 13. Bxf6 Nxf6 14. Nd5 Nxd5 15. Bxd5 Rb8 16. a3 Bd7 17. Nc3 a5 18. Qd2 b4 19. axb4 axb4 20. Ne2 Rfc8 21. Rac1 Qd8 22. Qd3 Bb5 23. Qf3 Bg5 24. Rce1 Rxc2 25. Qh5 Rc7 26. Rf3 Bxe2 27. Rxe2 Rc1+ 28. Kf2 Qb6+ 29. Kg3 Bf4+ 30. Kh3 Qd8 31. g3 Bg5 32. Bxf7+ Kf8 33. Bd5 Qf6 34. Qxh7 Ke7 35. b3 Rbc8 36. Ra2 R1c7 37. Rf1 Qh6+ 38. Qxh6 Bxh6 39. Bc4 Be3 40. Rfa1 Rxc4 41. bxc4 Rxc4 42. Rb1 Bc5 43. Re2 Kf6 44. Ra1 Rd4 45. Ra8 Rc4 46. Re8 Kf7 47. Re6 Rd4 48. g4 b3 49. g5 Ba3 50. g6+ Kf8 51. Re3 Rb4 52. Kg4 Rb8 53. Rh3 Kg8 54. Re7 d5 55. Rf7 b2 56. Rh7 Bf8 57. f6 gxf6 0-1

[Event "Hospitalet de Llobregat Ponce 3rd"]
[Site "Hospitalet de Llobregat"]
[Date "2017.05.13"]
[Round "6"]
[White "Rivera Padron, Joaquin"]
[Black "Layola Barrionuevo, Javier"]
[Result "0-1"]
[WhiteElo "1922"]
[BlackElo "2012"]
[PlyCount "94"]
[EventDate "2017.04.01"]
[EventType "swiss"]
[EventRounds "9"]
[EventCountry "ESP"]
[SourceTitle "EXT 2018"]
[Source "ChessBase"]
[SourceDate "2017.10.13"]
[SourceVersion "1"]
[SourceVersionDate "2017.10.13"]
[SourceQuality "1"]

1. e4 g6 2. d4 Bg7 3. f4 c6 4. Nf3 d5 5. e5 h5 6. Bd3 Nh6 7. 0-0 Bf5 8. Nh4 e6 9. Nxf5 Nxf5 10. Bxf5 gxf5 11. Nd2 Nd7 12. Nf3 Bf8 13. a4 c5 14. c3 c4 15. b3 cxb3 16. Qxb3 Qb6 17. Qa2 Qa6 18. a5 Be7 19. Bd2 Rg8 20. Be1 Rg4 21. Nd2 Qe2 22. Rf2 Qd3 23. Qb2 Bh4 24. Rf3 Qe2 25. g3 Rb8 26. c4 dxc4 27. Qc3 Rg8 28. Nxc4 Be7 29. Rc1 Qe4 30. Re3 Qd5 31. Qb2 Kf8 32. Bb4 Bxb4 33. Qxb4+ Kg7 34. Nd6 b6 35. a6 Rbf8 36. Rc7 Nb8 37. Qa4 h4 38. gxh4 Kh7+ 39. Rg3 Qf3 40. Rg5 Qe3+ 41. Kf1 Qxf4+ 42. Ke2 Rxg5 43. hxg5 Qxg5 44. Qc4 Kg6 45. Rxa7 Rh8 46. Nxf7 Rxh2+ 47. Kf1 Qg2+ 0-1